000 00387 a2200157 4500
020 _a9695190804
082 _a291.2
090 _c5232
_d5232
100 _aGuenon,Rene
245 _aThe Reign of Quantity and the Signs of the Times
_cRene Guenon
250 _a1st
260 _aLahore
_bSuhail Academy
_c2004
300 _a363p
500 _aHard cover
942 _aNBS
_cBK
_k291.2 GUE
999 _c347650
_d347650